| 000 | 00385 a2200145 4500 | ||
|---|---|---|---|
| 999 |
_c12017 _d12017 |
||
| 003 | OSt | ||
| 005 | 20240117163512.0 | ||
| 008 | 240117b ||||| |||| 00| 0 eng d | ||
| 020 | _a9789814577342 | ||
| 082 | _a624.18341 | ||
| 100 | _aCharles Edward Urquhart, Leonard Church; O'Rourke | ||
| 245 | _aDesign of Concrete Structures | ||
| 260 |
_bMcGraw-Hill Book Co. _c1940 |
||
| 942 | _2ddc | ||